000 00713cam a22002413a 4500
001 30943
003 PGUSA
005 20140828083653.0
008 100112s2010||||xxu|||||s|||||000 | eng d
040 _aPGUSA
_beng
042 _adc
050 4 _aAP
245 1 0 _aHarper's New Monthly Magazine, Volume 2, No. 12, May, 1851.
_h[electronic resource] /
_cVarious
260 _bProject Gutenberg,
_c2010
506 _aPublic domain in the USA.
516 _aElectronic text
653 _aCulture -- Periodicals
653 _aCivilization -- Periodicals
653 _aAmerican literature -- Periodicals
830 0 _aProject Gutenberg
_v30943
856 4 0 _uhttp://www.gutenberg.org/ebooks/30943
942 _cEB
999 _c260198
_d260198